Counterparty Risk in the Over-The-Counter Derivatives Market /

The financial market turmoil of recent months has highlighted the importance of counterparty risk. Here, we discuss counterparty risk that may stem from the OTC derivatives markets and attempt to assess the scope of potential cascade effects. This risk is measured by losses to the financial system t...

Ful tanımlama

Detaylı Bibliyografya
Yazar: Singh, Manmohan
Diğer Yazarlar: Segoviano, Miguel
Materyal Türü: Dergi
Dil:English
Baskı/Yayın Bilgisi: Washington, D.C. : International Monetary Fund, 2008.
Seri Bilgileri:IMF Working Papers; Working Paper ; No. 2008/258
Online Erişim:Full text available on IMF
LEADER 01950cas a2200253 a 4500
001 AALejournalIMF005449
008 230101c9999 xx r poo 0 0eng d
020 |c 5.00 USD 
020 |z 9781451871166 
022 |a 1018-5941 
040 |a BD-DhAAL  |c BD-DhAAL 
100 1 |a Singh, Manmohan. 
245 1 0 |a Counterparty Risk in the Over-The-Counter Derivatives Market /  |c Manmohan Singh, Miguel Segoviano. 
264 1 |a Washington, D.C. :  |b International Monetary Fund,  |c 2008. 
300 |a 1 online resource (19 pages) 
490 1 |a IMF Working Papers 
500 |a <strong>Off-Campus Access:</strong> No User ID or Password Required 
500 |a <strong>On-Campus Access:</strong> No User ID or Password Required 
506 |a Electronic access restricted to authorized BRAC University faculty, staff and students 
520 3 |a The financial market turmoil of recent months has highlighted the importance of counterparty risk. Here, we discuss counterparty risk that may stem from the OTC derivatives markets and attempt to assess the scope of potential cascade effects. This risk is measured by losses to the financial system that may result via the OTC derivative contracts from the default of one or more banks or primary broker-dealers. We then stress the importance of "netting" within the OTC derivative contracts. Our methodology shows that, even using data from before the worsening of the crisis in late Summer 2008, the potential cascade effects could be very substantial. We summarize our results in the context of the stability of the banking system and provide some policy measures that could be usefully considered by the regulators in their discussions of current issues. 
538 |a Mode of access: Internet 
700 1 |a Segoviano, Miguel. 
830 0 |a IMF Working Papers; Working Paper ;  |v No. 2008/258 
856 4 0 |z Full text available on IMF  |u http://elibrary.imf.org/view/journals/001/2008/258/001.2008.issue-258-en.xml  |z IMF e-Library